History Quiz

Random History or Country Quiz

20th Century World Leaders II Quiz Stats

Quiz Updated Jan 10, 2016

Challenge
Share
Tweet
Score 0/20 Timer 05:00
7 Plays Today
% Correct
Nelson Mandela
96.1%
Winston Churchill
94.8%
Theodore Roosevelt
82.4%
Mikhail Gorbachev
77.7%
Tenzin Gyatso
75.5%
John Paul II
70.5%
Idi Amin
68.2%
Benito Mussolini
66.5%
Hugo Chávez
58.2%
Indira Gandhi
54.4%
% Correct
Golda Meir
54%
Hồ Chí Minh
48.5%
Robert Mugabe
48%
Gamal Abdel Nasser
25.4%
Slobodan Milošević
25.3%
Mohammad Reza Pahlavi
20.6%
Chiang Kai-shek
18.1%
Paul von Hindenburg
10.6%
Abdulaziz
6.3%
Leopold II of Belgium
5.9%

You're not logged in!

Compare scores with friends on all Sporcle quizzes.
Sign Up with Email
OR
Log In

You Might Also Like...

Show Comments

Extras

Top Quizzes Today


Score Distribution

Your Account Isn't Verified!

In order to create a playlist on Sporcle, you need to verify the email address you used during registration. Go to your Sporcle Settings to finish the process.